キングオブコント準決勝進出経験コンビ - Statistics

General Stats
  • This quiz has been taken 98 times
    56 since last reset
  • The average score is 104 of 313
Answer Stats
初準決勝進出年 コンビ名 準決勝進出年 決勝進出年 2025年時点の所属事務所 % Correct
2008年 ジャルジャル 2008,2009,2010,2011,2012,2013,2014,2015,2016,2017,2018,2019,2020年 2009,2010,2019,2020年 吉本興業
84%
2011年 ラブレターズ 2011,2012,2013,2014,2015,2016,2022,2023,2024年 2011,2014,2016,2023,2024年 ASH&Dコーポレーション
84%
2016年 ニッポンの社長 2016,2018,2020,2021,2022,2023,2024年 2020,2021,2022,2023,2024年 吉本興業
84%
2008年 しずる 2008,2009,2010,2011,2012,2013,2014,2015,2016,2017,2018,2024,2025年 2009,2010,2012,2016年 吉本興業
82%
2019年 ロングコートダディ 2019,2020,2021,2022,2023,2024,2025年 2020,2022,2024年 吉本興業
82%
2020年 サルゴリラ 2020,2022,2023年 2023年 吉本興業
82%
2008年 キングオブコメディ 2008,2009,2010年 2010年 解散(プロダクション人力舎)
80%
2008年 バッファロー吾郎 2008年 2008年 吉本興業
77%
2008年 バナナマン 2008年 2008年 ホリプロコム
77%
2008年 ロバート 2008,2009,2011年 2008,2011年 吉本興業
77%
2009年 ジャングルポケット 2009,2010,2011,2012,2013,2014,2015,2016,2017,2018,2020,2021,2022,2023年 2015,2016,2017,2020年 吉本興業
77%
2009年 や団 2009,2014,2016,2017,2018,2019,2022,2023,2024,2025年 2022,2023,2024年 SMA
77%
2014年 ラフレクラン 2014,2020,2021,2022,2023,2024,2025年 2022,2024年 吉本興業
77%
2025年 トム・ブラウン 2025年 ケイダッシュステージ
77%
2008年 東京03 2008,2009年 プロダクション人力舎
77%
2009年 劇団イワサキマキオ 2009,2012,2013,2015,2016,2017,2018年 2012,2013,2016年 サンミュージックプロダクション
75%
2015年 空気階段 2015,2018,2019,2020,2021年 2019,2020,2021年 吉本興業
75%
2008年 鎌鼬 2008,2009,2010,2011,2012,2013,2014,2016,2017年 2016,2017年 吉本興業
73%
2008年 チョコレートプラネット 2008,2010,2014,2015,2016,2017,2018,2019年 2008,2014,2018年 吉本興業
73%
2008年 バイきんぐ 2008,2011,2012年 2012年 SMA
73%
2009年 シソンヌ 2009,2013,2014年 2014年 吉本興業
73%
2010年 さらば青春の光 2010,2011,2012,2013,2014,2015,2017,2018年 2012,2013,2014,2015,2017,2018年 ザ・森東
73%
2014年 ななまがり 2014,2015,2016,2017,2018,2019,2020,2022,2023,2024,2025年 2016年 吉本興業
73%
2017年 ビスケットブラザーズ 2017,2019,2020,2022年 2019,2022年 吉本興業
73%
2024年 トゥリオ 2024,2025年 ユニット(ケイダッシュステージ、太田プロダクション、マセキ芸能社)
73%
2008年 ザ・ギース 2008,2009,2010,2011,2013,2014,2015,2016,2017,2018,2020,2021,2023年 2008,2015,2018,2020年 ASH&Dコーポレーション
70%
2009年 ロッチ 2009,2010,2011,2012,2013,2014,2015,2016,2017,2021年 2009,2010,2015年 ワタナベエンターテインメント
70%
2011年 ライス 2011,2014,2016年 2016年 吉本興業
70%
2015年 コロコロチキチキペッパーズ 2015,2016,2019年 2015年 吉本興業
70%
2016年 ハナコ 2016,2018年 2018年 ワタナベエンターテインメント
70%
2018年 かが屋 2018,2019,2021,2022,2023,2025年 2019,2022年 マセキ芸能社
70%
2019年 ファイヤーサンダー 2019,2020,2022,2023,2024,2025年 2023,2024年 ワタナベエンターテインメント
70%
2020年 元祖いちごちゃん 2020,2025年 浅井企画
70%
2022年 青色1号 2022,2025年 太田プロダクション
70%
2009年 サンドウィッチマン 2009年 2009年 グレープカンパニー
68%
2014年 うるとらブギーズ 2014,2017,2018,2019,2020,2021,2022,2024,2025年 2019,2020,2021年 吉本興業
68%
2014年 ニューヨーク 2014,2015,2017,2020,2021年 2020,2021年 吉本興業
68%
2017年 にゃんこスター 2017年 2017年 ワタナベエンターテインメント
68%
2019年 ザ・マミィ 2019,2020,2021,2022,2023,2024,2025年 2021年 プロダクション人力舎
68%
2019年 どぶろっく 2019年 2019年 浅井企画
68%
2022年 いぬ 2022,2024年 2022年 吉本興業
68%
2022年 最高の人間 2022年 2022年 ユニット(プロダクション人力舎)
68%
2009年 GAG少年楽団 2009,2010,2011,2012,2013,2014,2015,2016,2017,2018,2019,2020,2021,2022年 2017,2018,2019,2020年 吉本興業
68%
2011年 ジグザグジギー 2011,2012,2013,2014,2016,2021,2023年 2013,2016,2023年 マセキ芸能社
66%
2008年 2700 2008,2009,2010,2011,2012,2013,2014,2015年 2008,2011年 吉本興業
66%
2008年 天竺鼠 2008,2009,2010,2011,2012,2013,2014,2015,2016年 2008,2009,2013年 吉本興業
64%
2008年 モンスターエンジン 2008,2009,2010,2011,2012,2013,2014,2015,2016,2017,2025年 2009,2011年 吉本興業
64%
2008年 ラバーガール 2008,2009,2010,2011,2012,2013,2014,2015,2016,2017年 2010,2014年 プロダクション人力舎
64%
2012年 巨匠 2012,2013,2014,2015年 2014,2015年 解散(プロダクション人力舎)
64%
2013年 マヂカルラブリー 2013,2018,2019,2021年 2018,2021年 吉本興業
64%
2016年 アンガールズ 2016,2017年 ワタナベエンターテインメント
64%
2016年 パーパー 2016,2017,2019,2021年 2017年 マセキ芸能社
64%
2019年 蛙亭 2019,2020,2021,2022,2023,2024,2025年 2021,2023年 吉本興業
64%
2021年 霜降り明星 2021年 吉本興業
64%
2024年 おおぞらモード 2024,2025年 浅井企画
64%
2010年 タイムマシーン3号 2010,2012,2016年 2016年 太田プロダクション
64%
2023年 ダウ90000 2023,2024年 オフィスカニバブル
64%
2008年 犬の心 2008,2011,2012,2013,2014,2015,2016,2017年 2014年 解散(吉本興業)
61%
2008年 インパルス 2008,2009,2010,2011,2012年 2009,2011年 吉本興業
61%
2014年 アキナ 2014,2015,2016,2017年 2014,2015,2017年 吉本興業
61%
2014年 リンゴスター 2014年 2014年 解散(プロダクション人力舎)
61%
2022年 イノシカチョウ 2022,2025年 吉本興業
61%
2023年 シティホテル3号室 2023,2024,2025年 2024年 タイタン
61%
2008年 ザ・プラン9 2008,2009,2010,2011,2012,2013,2014,2015,2024,2025年 吉本興業
61%
2008年 TKO 2008,2009,2010,2011,2012,2013,2015.2016年 2008,2010,2011,2013年 フリー
61%
2008年 銀シャリ 2008,2009,2010,2011,2012,2013年 2012年 吉本興業
59%
2011年 阿佐ヶ谷姉妹 2011,2016,2018年 ASH&Dコーポレーション
59%
2011年 うしろシティ 2011,2012,2013,2014,2015,2016,2017,2018年 2012,2013,2015年 解散(松竹芸能)
59%
2013年 わらふぢなるお 2013,2014,2015,2016,2017,2018,2019年 2017,2018,2019年 グレープカンパニー
59%
2023年 レインボー 2023,2025年 吉本興業
59%
2025年 ベルナルド 2025年 マセキ芸能社
59%
2011年 セルライトスパ 2011,2014,2016,2024,2025年 吉本興業
57%
2015年 男性ブランコ 2015,2020,2021,2023,2025年 2021年 吉本興業
57%
2015年 ネルソンズ 2015,2017,2018,2019,2020,2021,2022年 2019,2022年 吉本興業
57%
2018年 滝音 2018,2020,2021,2023年 2020年 吉本興業
57%
2008年 エレキコミック 2008,2009,2010,2011,2012,2013,2014,2016年 2010年 トゥインクル・コーポレーション
55%
2009年 ジューシーズ 2009,2010,2011,2012,2013年 解散(よしもとクリエイティブ・エージェンシー)
55%
2009年 トップリード 2009,2010,2011,2012,2013,2014,2015,2016,2017年 2011,2012年 解散(太田プロダクション)
55%
2011年 パンサー 2011,2012,2013,2014年 吉本興業
55%
2014年 相席スタート 2014,2015,2016,2017,2018,2019,2020,2022年 吉本興業
55%
2014年 だーりんず 2014,2015,2016,2017,2018年 2016,2018年 SMA
55%
2019年 カゲヤマ 2019,2022,2023年 2023年 吉本興業
55%
2019年 ジェラードン 2019,2020,2021,2025年 2021年 吉本興業
55%
2020年 ママタルト 2020年 サンミュージックプロダクション
55%
2008年 鬼ヶ島 2008,2009,2010,2011,2012,2013,2014,2016年 2011,2013年 プロダクション人力舎
52%
2008年 藤崎マーケット 2008,2014,2015,2016,2017,2019年 2015年 吉本興業
52%
2009年 ピース 2009,2010,2011年 2010年 吉本興業
52%
2014年 やさしいズ 2014,2015,2016,2017,2018,2019,2021,2022,2023,2024年 2018年 吉本興業
52%
2019年 そいつどいつ 2019,2021,2022,2023,2025年 2021年 吉本興業
52%
2020年 マイスイートメモリーズ 2020,2024,2025年 吉本興業
52%
2024年 cacao 2024年 2024年 吉本興業
52%
2010年 和牛 2010,2013,2014年 解散(吉本興業)
50%
2012年 ウエストランド 2012年 タイタン
50%
2020年 ダンビラムーチョ 2020,2021,2022,2024年 2024年 吉本興業
50%
2023年 ゼンモンキー 2023年 2023年 解散(ワタナベエンターテインメント)
50%
2024年 相性はいいよね 2024,2025年 サンミュージックプロダクション
50%
2024年 春とヒコーキ 2024年 タイタン
50%
2009年 アルコ&ピース 2009,2011,2012,2013,2014,2015,2021年 2013年 太田プロダクション
50%
2008年 ダイアン 2008,2010年 吉本興業
48%
2009年 アンジャッシュ 2009,2010,2011年 プロダクション人力舎
48%
2011年 夜ふかしの会 2011,2012,2013,2014,2015,2016年 2012年 ワタナベエンターテインメント
48%
2022年 クロコップ 2022,2023年 2022年 ケイダッシュステージ
48%
2025年 破壊ありがとう 2025年 ASH&Dコーポレーション
48%
2008年 FUJIWARA 2008年 吉本興業
48%
2008年 NON STYLE 2008,2009年 吉本興業
48%
2008年 ドランクドラゴン 2008,2009,2010年 プロダクション人力舎
45%
2015年 スーパーニュウニュウ 2015,2022年 解散(マセキ芸能社)
45%
2023年 えびしゃ 2023,2025年 ワタナベエンターテインメント
45%
2023年 天才ピアニスト 2023年 吉本興業
45%
2008年 ハリセンボン 2008年 GATE
43%
2013年 バンビーノ 2013,2014,2015,2016年 2014,2015年 吉本興業
43%
2014年 ロビンフット 2014,2018年 2018年 SMA
43%
2021年 おいでやすこが 2021年 ユニット(吉本興業)
43%
2022年 隣人 2022,2023,2024年 2023,2024年 吉本興業
43%
2025年 ダブルアート 2025年 吉本興業
43%
2011年 ニッチェ 2011,2012,2013,2014,2015,2016年 マセキ芸能社
41%
2016年 トンツカタン 2016,2021年 プロダクション人力舎
41%
2021年 ヤギとひつじ 2021年 ユニット(吉本興業)
41%
2017年 Aマッソ 2017年 ワタナベエンターテインメント
41%
2024年 Gパンパンダ 2024年 ワタナベエンターテインメント
41%
2008年 東京ダイナマイト 2008年 吉本興業
39%
2008年 我が家 2008,2010,2011,2012,2013,2016年 ワタナベエンターテインメント
39%
2009年 はんにゃ 2009年 吉本興業
39%
2009年 フルーツポンチ 2009年 吉本興業
39%
2010年 カナリア 2010,2012年 解散(吉本興業)
39%
2014年 ゾフィー 2014,2015,2016,2017,2018,2019,2020,2022年 2017,2019年 解散(グレープカンパニー)
39%
2023年 連合稽古 2023年 ユニット(吉本興業、100company、赤津部屋)
39%
2022年 ヨネダ2000 2022年 吉本興業
39%
2008年 アームストロング 2008,2010,2011,2012,2013年 解散(よしもとクリエイティブ・エージェンシー)
36%
2015年 馬鹿よ貴方は 2015,2016年 サンミュージックプロダクション
36%
2021年 チョコンヌ 2021年 ユニット(吉本興業)
36%
2022年 金の国 2022,2024年 ワタナベエンターテインメント
36%
2025年 オニイチャン 2025年 吉本興業
36%
2025年 さんぽ 2025年 ビクターミュージックアーツ
36%
2011年 5GAP 2011,2012,2013,2014,2020,2021年 吉本興業
36%
2008年 次長課長 2008年 吉本興業
34%
2008年 とろサーモン 2008年 吉本興業
34%
2008年 パンクブーブー 2008年 吉本興業
34%
2010年 アジアン 2010年 解散(吉本興業)
34%
2010年 学天即 2010,2011,2021年 吉本興業
34%
2010年 スリムクラブ 2010,2011,2012年 吉本興業
34%
2008年 インスタントジョンソン 2008,2009,2010,2011,2012,2013,2014,2015,2016年 太田プロダクション
32%
2010年 チーモンチョーチュウ 2010年 吉本興業
32%
2023年 さすらいラビー 2023,2024年 太田プロダクション
32%
2025年 喫茶ムーン 2025年 吉本興業
32%
2021年 20世紀 2021年 吉本興業
32%
2020年 TCクラクション 2020,2021,2022,2023,2024年 グレープカンパニー
32%
2010年 ずん 2010,2011,2013,2014,2015,2016年 浅井企画
30%
2010年 平成ノブシコブシ 2010,2011年 吉本興業
30%
2012年 インポッシブル 2012,2013,2014,2015,2016,2021,2024年 吉本興業
30%
2016年 アインシュタイン 2016,2020年 吉本興業
30%
2019年 コウテイ 2019年 解散(吉本興業)
30%
2024年 カベポスター 2024年 吉本興業
30%
2025年 ぎょねこ 2025年 ワタナベエンターテインメント
30%
2025年 リバーマン 2025年 ワタナベエンターテインメント
30%
2008年 サバンナ 2008,2009年 吉本興業
27%
2008年 ザブングル 2008,2009,2010,2011,2012,2013,2014,2016年 解散(ワタナベエンターテインメント)
27%
2008年 トータルテンボス 2008,2009,2010年 吉本興業
27%
2008年 ライセンス 2008年 吉本興業
27%
2009年 ザ・パンチ 2009年 吉本興業
27%
2009年 ソーセージ 2009,2010,2011年 解散(よしもとクリエイティブ・エージェンシー)
27%
2013年 サンシャイン 2013,2015,2019,2020年 吉本興業
27%
2013年 日本エレキテル連合 2013,2014年 タイタン
27%
2020年 オフローズ 2020年 吉本興業
27%
2021年 マンプクトリオ 2021年 ユニット(SMA)
27%
2022年 サスペンダーズ 2022,2023,2024年 マセキ芸能社
27%
2022年 スパイシーガーリック 2022年 プロダクション人力舎
27%
2022年 フランスピアノ 2022年 グレープカンパニー
27%
2023年 伝書鳩 2023年 吉本興業
27%
2009年 プラスマイナス 2009年 解散(吉本興業)
25%
2014年 みなみのしま 2014,2015,2020年 吉本興業
25%
2017年 卯月 2017年 解散(プロダクション人力舎)
25%
2017年 カミナリ 2017年 グレープカンパニー
25%
2021年 ガクヅケ 2021年 マセキ芸能社
25%
2023年 都トム 2023年 ユニット(ジンセイプロ、フリー)
25%
2009年 ななめ45° 2009,2010,2011,2012,2013,2014,2015,2016,2018年 ホリプロコム
25%
2008年 クロスバー直撃 2008,2013,2017,2018,2019年 吉本興業
23%
2009年 ハマカーン 2009,2010,2012年 ケイダッシュステージ
23%
2009年 森三中 2009年 吉本興業
23%
2019年 さんだる 2019,2020年 ホリプロコム
23%
2024年 スクラップス 2024年 吉本興業
23%
2009年 D・N・A 2009年 解散(よしもとクリエイティブ・エージェンシー)
23%
2008年 ダイノジ 2008,2009,2011年 吉本興業
20%
2008年 野性爆弾 2008,2010年 吉本興業
20%
2010年 アメリカザリガニ 2010年 松竹芸能
20%
2010年 しゃもじ 2010,2012,2016年 マセキ芸能社
20%
2014年 レイザーラモン 2014,2015,2016年 吉本興業
20%
2015年 おかずクラブ 2015年 吉本興業
20%
2024年 気になるあの娘 2024年 吉本興業
20%
2024年 ブラゴーリ 2024年 吉本興業
20%
2008年 COWCOW 2008,2009,2010年 吉本興業
20%
2008年 イワイガワ 2008,2010年 浅井企画
18%
2008年 オジンオズボーン 2008年 解散(松竹芸能)
18%
2008年 座長座長 2008年 ユニット(吉本興業)
18%
2008年 ロザン 2008,2009年 吉本興業
18%
2010年 ポラロイドマガジン 2010年 解散(浅井企画)
18%
2014年 アナクロニスティック 2014年 プロダクション人力舎
18%
2019年 いかすぜジョナサン 2018年 ラフィーネプロモーション
18%
2020年 かたつむり 2020,2023年 吉本興業
18%
2008年 2丁拳銃 2008年 吉本興業
18%
2008年 カリカ 2008,2010年 吉本興業
16%
2008年 チョップリン 2008,2009,2011,2014,2015,2016年 吉本興業
16%
2009年 ハイキングウォーキング 2009,2011年 吉本興業
16%
2009年 ビーフケーキ 2009,2012,2015年 解散(よしもとクリエイティブ・エージェンシー)
16%
2010年 2010,2012年 ワタナベエンターテインメント
16%
2013年 ザンゼンジ 2013,2015年 解散(プロダクション人力舎)
16%
2013年 スパイク 2013,2014年 吉本興業
16%
2013年 たんぽぽ 2013,2016年 ホリプロコム
16%
2013年 ロビンソンズ 2013,2014,2015,2016年 SMA
16%
2015年 マラソンズ 2015年 解散(日本大学文理学部落語研究会)
16%
2016年 ジュリエッタ 2016年 解散(吉本興業)
16%
2018年 大自然 2018年 吉本興業
16%
2009年 さかなDVD 2009,2010年 解散(よしもとクリエイティブ・エージェンシー)
16%
2008年 アップダウン 2008,2009,2010,2013年 フリー
14%
2008年 グランジ 2008,2009,2010,2011,2012,2013,2014,2016年 吉本興業
14%
2008年 ニブンノゴ! 2008,2009,2011,2012,2014,2016年 解散(吉本興業)
14%
2011年 オテンキ 2011年 浅井企画
14%
2012年 ダブルブッキング 2012,2013,2015,2016,2017年 100company
14%
2013年 チャーミング 2013,2015,2016年 SMA
14%
2016年 エンペラー 2016,2019年 吉本興業
14%
2008年 $10 2008,2010年 吉本興業
14%
2008年 シャンプーハット 2008,2010年 吉本興業
11%
2008年 天津 2008,2009,2014年 吉本興業
11%
2009年 ドレッドノート 2009,2011年 解散(よしもとクリエイティブ・エージェンシー)
11%
2010年 アイロンヘッド 2010,2011,2013,2017,2019年 吉本興業
11%
2010年 シャカ 2010,2011,2012,2013,2014年 解散(ワタナベエンターテインメント)
11%
2010年 ものいい 2010年 吉本興業
11%
2011年 がっつきたいか 2011,2012年 SMA
11%
2012年 シンボルタワー 2012年 ASH&Dコーポレーション
11%
2012年 恋愛小説家 2012年 サンミュージックプロダクション
11%
2013年 タモンズ 2013年 吉本興業
11%
2015年 ゆんぼだんぷ 2015年 100company
11%
2016年 祇園 2016年 吉本興業
11%
2016年 高校ズ 2016,2018年 SMA
11%
2018年 モダンタイムス 2018年 フリー
11%
2008年 ペナルティ 2008,2009年 吉本興業
9%
2009年 カレー 2009年 解散(トゥインクル・コーポレーション)
9%
2011年 ガリットチュウ 2011年 吉本興業
9%
2011年 ピテカントロプス 2011,2012年 解散(プロダクション人力舎)
9%
2012年 天使と悪魔 2012年 解散(吉本興業)
9%
2014年 ヒガシ逢ウサカ 2014年 解散(吉本興業)
9%
2017年 アンゲラー 2017年 解散(プロダクション人力舎)
9%
2018年 Groovy Rubbish 2018年 解散(プロダクション人力舎)
9%
2019年 THE GREATEST HITS 2019年 解散(吉本興業)
9%
2008年 オキシジェン 2008年 ホリプロコム
7%
2008年 ジョイマン 2008年 吉本興業
7%
2008年 ソラシド 2008年 吉本興業
7%
2008年 フラミンゴ 2008,2010,2011年 エフ・エム・ジー
7%
2008年 ホーム・チーム 2008年 解散(マセキ芸能社)
7%
2009年 エネルギー 2009,2012,2013年 解散(浅井企画)
7%
2009年 どきどきキャンプ 2009,2011年 ケイダッシュステージ
7%
2010年 ザ・ゴールデンゴールデン 2010,2011,2012年 解散(ワタナベエンターテインメント)
7%
2010年 トット 2010年 吉本興業
7%
2010年 ラフ・コントロール 2010年 吉本興業
7%
2011年 ツィンテル 2011,2012,2013,2014,2015年 解散(マセキ芸能社)
7%
2011年 ブロードキャスト 2011,2014,2015年 吉本興業
7%
2012年 からあげディスコ 2012年 解散(プロダクション人力舎)
7%
2013年 本田兄妹 2013年 プロダクション人力舎
7%
2013年 ワルステルダム 2013年 プロダクション人力舎
7%
2014年 ジソンシン 2014,2015年 解散(吉本興業)
7%
2015年 こりゃめでてーな 2015年 吉本興業
7%
2015年 ムニムニヤエバ 2015,2016年 解散(吉本興業)
7%
2016年 やさしい雨 2016年 解散(太田プロダクション)
7%
2008年 パニーニ 2008年 解散(太田プロダクション)
5%
2008年 フォーリンラブ 2008年 ワタナベエンターテインメント
5%
2009年 はだか電球 2009年 解散(よしもとクリエイティブ・エージェンシー)
5%
2010年 ザ・アンモナイト 2010年 東村プロダクション
5%
2010年 ブレーメン 2010年 解散(よしもとクリエイティブ・エージェンシー)
5%
2011年 大黒天 2011年 解散(マセキ芸能社)
5%
2011年 ゆうきたけし 2011年 解散(SMA)
5%
2012年 カバと爆ノ介 2012,2015年 解散(よしもとクリエイティブ・エージェンシー)
5%
2012年 ジンカーズ 2012年 フリー
5%
2013年 キサラギ 2013年 解散(ワタナベエンターテインメント)
5%
2013年 弾丸ジャッキー 2013年 解散(ニュースタッフプロダクション)
5%
2013年 ねじ 2013,2014年 フリー
5%
2014年 キャベツ確認中 2014年 吉本興業
5%
2023年 シカゴ実業 2023年 吉本興業
5%
2009年 ビーグル38 2009年 解散(松竹芸能)
5%
2010年 83幕府 2010年 解散(ワタナベエンターテインメント)
5%
2011年 アストロNエース 2011年 解散(吉本興業)
5%
2008年 Wエンジン 2008,2009,2010年 ワタナベエンターテインメント
5%
2008年 キンデルダイク 2008年 解散(よしもとクリエイティブ・エージェンシー)
2%
2008年 ジャンクション 2008,2009年 吉本興業
2%
2009年 かりんとう 2009年 解散(吉本興業)
2%
2009年 シャングリラ 2009年 解散(よしもとクリエイティブ・エージェンシー)
2%
2009年 ゼミナールキッチン 2009年 解散(SMA)
2%
2010年 ムートン 2010,2012年 解散(松竹芸能)
2%
2011年 ケチン・ダ・コチン 2011年 解散(ワタナベエンターテインメント)
2%
2011年 ザ・フライ 2011年 解散(プロダクション人力舎)
2%
2012年 スパローズ 2012,2013,2015年 浅井企画
2%
2012年 水玉れっぷう隊 2012年 吉本興業
2%
2013年 シマッシュレコード 2013年 吉本興業
2%
2013年 シロハタ 2013年 ビクターミュージックアーツ
2%
2014年 クラスメイト 2014年 解散(よしもとクリエイティブ・エージェンシー)
2%
2015年 ハッピーエンド 2015年 解散(SMA)
2%
2015年 ヒデヨシ 2015年 解散(ホリプロコム)
2%
2015年 マッハスピード剛速球 2015年 ライジング・アップ
2%
2016年 キュンキュンパフェ 2016年 解散(SMA)
2%
2013年 3フランシスコ 2013年 解散(ニュースタッフプロダクション)
2%
2012年 Yes-man 2012年 解散(トゥインクル・コーポレーション)
2%
2008年 スペースラジオ 2008年 解散(トゥインクル・コーポレーション)
0%
2009年 ザ・マンモス 2009年 ユニット(吉本興業)
0%
2009年 三日月トリオ 2009年 解散(マセキ芸能社)
0%
2012年 回転ハッスル 2012年 解散(よしもとクリエイティブ・エージェンシー)
0%
2012年 ジプシーダンス 2012年 解散(プロダクション人力舎)
0%
2012年 ロシアン生まれ 2012年 解散(ホリプロコム)
0%
2013年 アンダーポイント 2013年 吉本興業
0%
2013年 イシクラノオノ 2013年 解散(プロダクション人力舎)
0%
2013年 ピレニーズ 2013年 解散(プロダクション人力舎)
0%
2014年 イブンカ 2014年 解散(よしもとクリエイティブ・エージェンシー)
0%
2014年 ロマン峠 2014,2015年 解散(プロダクション人力舎)
0%
2015年 かっぽんかっぽん 2015年 解散(オフィス北野)
0%
2009年 DA-DA 2009年 解散(松竹芸能)
0%
No matching quizzes found
Score Distribution
Percent of People with Each Score
Percentile by Number Answered
Your Score History
You have not taken this quiz since the last reset